[Event "17. OIBM Bad Wiessee"]
[Site "Bad Wiessee"]
[Date "2013.10.26"]
[Round "1.1"]
[White "Berkes, Ferenc"]
[Black "Arndt, Uwe"]
[Result "1-0"]
[WhiteElo "2673"]
[BlackElo "1970"]
[PlyCount "63"]
[EventDate "2013.??.??"]
[WhiteTeam "SC Eppingen"]
[BlackTeam "BSV 63 Chemie Weißensee"]

1. e4 c6 2. d4 d5 3. e5 c5 4. Nf3 Bg4 5. dxc5 Nc6 6. c3 Bxf3 7. Qxf3 e6 8. b4
Nxe5 9. Bb5+ Nc6 10. Nd2 Qf6 11. O-O Be7 12. Qg3 Nh6 13. Nf3 Nf5 14. Qc7 O-O
15. Bxc6 bxc6 16. Bg5 Qxc3 17. Bxe7 Nxe7 18. Qxe7 Qxb4 19. Rab1 Qf4 20. Rb7 a5
21. Rfb1 h6 22. h3 a4 23. R7b4 Qf5 24. Nd4 Qd3 25. Nxc6 a3 26. Ne5 Qe2 27. Nd7
Rfe8 28. Nf6+ gxf6 29. Qxf6 h5 30. Rb7 Rf8 31. R1b3 Ra4 32. Rxf7 1-0

[Event "17. OIBM Bad Wiessee"]
[Site "Bad Wiessee"]
[Date "2013.10.26"]
[Round "1.2"]
[White "Kröncke, Manfred"]
[Black "Romanov, Evgeny"]
[Result "1/2-1/2"]
[WhiteElo "2022"]
[BlackElo "2654"]
[PlyCount "78"]
[EventDate "2013.??.??"]
[WhiteTeam "SG Glückstadt von 1920"]
[BlackTeam "SF Katernberg 1913 e.V"]

1. e4 e5 2. Nf3 Nc6 3. Nc3 Nf6 4. Bb5 Bc5 5. O-O d6 6. d3 O-O 7. h3 Ne7 8. d4
exd4 9. Nxd4 Ng6 10. Be3 a6 11. Bc4 b5 12. Bd5 Nxd5 13. Nxd5 Re8 14. b4 Bxd4
15. Qxd4 Bb7 16. a4 Ne5 17. axb5 axb5 18. Rxa8 Bxa8 19. Rd1 Qd7 20. Bf4 Nc4 21.
f3 Bxd5 22. Qxd5 h6 23. Ra1 Nb6 24. Qb7 Re7 25. Be3 Nc4 26. Bd4 Kh7 27. Ra8 f5
28. Qb8 fxe4 29. fxe4 Kg6 30. Qh8 Rf7 31. Rd8 Qe7 32. Re8 Qg5 33. Re6+ Kh5 34.
Qe8 Qc1+ 35. Kh2 Qf4+ 36. Kh1 Qf1+ 37. Kh2 Qf4+ 38. Kh1 Qf1+ 39. Kh2 Qf4+
1/2-1/2

[Event "17. OIBM Bad Wiessee"]
[Site "Bad Wiessee"]
[Date "2013.10.26"]
[Round "1.3"]
[White "Nisipeanu, Liviu-Dieter"]
[Black "Glawe, Ralf"]
[Result "1-0"]
[WhiteElo "2674"]
[BlackElo "2019"]
[PlyCount "43"]
[EventDate "2013.??.??"]
[WhiteTeam "OSG Baden-Baden"]
[BlackTeam "MTV Ingolstadt"]

1. d4 Nf6 2. Nf3 e6 3. Bg5 d5 4. Nbd2 Be7 5. e3 O-O 6. Bd3 c5 7. c3 Nc6 8. O-O
b6 9. Ne5 Bb7 10. f4 h6 11. Bxf6 Bxf6 12. Qh5 Bxe5 13. fxe5 Qg5 14. Qe2 f5 15.
exf6 Rxf6 16. Rxf6 Qxf6 17. Rf1 Qe7 18. Qf3 Re8 19. h4 e5 20. Qf5 e4 21. Nxe4
dxe4 22. Bc4+ 1-0

[Event "17. OIBM Bad Wiessee"]
[Site "Bad Wiessee"]
[Date "2013.10.26"]
[Round "1.4"]
[White "Strozewski, Frank"]
[Black "Nyzhnyk, Illya"]
[Result "0-1"]
[WhiteElo "2028"]
[BlackElo "2625"]
[PlyCount "50"]
[EventDate "2013.??.??"]
[WhiteTeam "SV Erkenschwick 1923 e"]
[BlackTeam "SG Porz e.V."]

1. c4 Nf6 2. Nc3 e5 3. e4 Bc5 4. d3 d6 5. g3 Nc6 6. Bg2 Bg4 7. f3 Bd7 8. Nge2
a6 9. a3 Ba7 10. Nd5 Nxd5 11. cxd5 Nd4 12. Bd2 c6 13. Nxd4 Bxd4 14. dxc6 bxc6
15. Rb1 Rb8 16. Bc3 Qb6 17. Ke2 O-O 18. Bxd4 Qxd4 19. b4 c5 20. Qd2 Bb5 21. Bh3
d5 22. exd5 f5 23. Rhc1 e4 24. Rb2 exd3+ 25. Kd1 Ba4+ 0-1

[Event "17. OIBM Bad Wiessee"]
[Site "Bad Wiessee"]
[Date "2013.10.26"]
[Round "1.6"]
[White "Hillebrand, Carsten"]
[Black "Rozentalis, Eduard"]
[Result "0-1"]
[WhiteElo "2051"]
[BlackElo "2616"]
[PlyCount "44"]
[EventDate "2013.??.??"]
[WhiteTeam "FS 1898 Dortmund"]

1. c4 e6 2. g3 d5 3. Bg2 c5 4. Nf3 d4 5. e3 Nc6 6. exd4 cxd4 7. O-O Nf6 8. Re1
Be7 9. d3 O-O 10. Nbd2 Nd7 11. Ne4 h6 12. g4 Bb4 13. Re2 f5 14. gxf5 exf5 15.
Ng3 f4 16. Nf1 Bd6 17. N3d2 Nde5 18. f3 Nxd3 19. Ne4 Nc5 20. Nf2 Bf5 21. Nd2 d3
22. Re1 Nb4 0-1

[Event "17. OIBM Bad Wiessee"]
[Site "Bad Wiessee"]
[Date "2013.10.26"]
[Round "1.7"]
[White "Delchev, Aleksander"]
[Black "Scheele, Marcus"]
[Result "1-0"]
[WhiteElo "2643"]
[BlackElo "1968"]
[PlyCount "81"]
[EventDate "2013.??.??"]
[WhiteTeam "SV Deggendorf"]
[BlackTeam "SVG Blankenese von 1923 e.V."]

1. e4 c6 2. d4 d5 3. e5 c5 4. dxc5 Nc6 5. Bb5 e6 6. Be3 Nge7 7. c3 Bd7 8. Bxc6
Bxc6 9. Nf3 Nf5 10. Bd4 Be7 11. O-O O-O 12. Re1 Qc7 13. Nbd2 a5 14. Rc1 Rfd8
15. Nf1 Bb5 16. Ne3 Nxe3 17. Rxe3 Bxc5 18. Bxc5 Qxc5 19. Nd4 Bc6 20. Qd2 Qe7
21. Rce1 Qg5 22. Qd1 Rac8 23. Rg3 Qh6 24. Ree3 g6 25. Rg4 b5 26. a3 b4 27. axb4
axb4 28. Nxc6 Rxc6 29. Rxb4 Ra8 30. h3 Rca6 31. Re1 Qg5 32. h4 Qe7 33. Qg4 Ra1
34. Rxa1 Rxa1+ 35. Kh2 h5 36. Qd4 Kg7 37. Qb6 g5 38. Qd6 Qa7 39. Rb8 gxh4 40.
Qd8 f5 41. Qf6+ 1-0

[Event "17. OIBM Bad Wiessee"]
[Site "Bad Wiessee"]
[Date "2013.10.26"]
[Round "1.8"]
[White "Brückel, Gerhard"]
[Black "Khenkin, Igor"]
[Result "0-1"]
[WhiteElo "2029"]
[BlackElo "2609"]
[PlyCount "58"]
[EventDate "2013.??.??"]
[WhiteTeam "SF Forst 1971"]
[BlackTeam "Wiesbadener SV 1885"]

1. Nf3 d5 2. b3 Nf6 3. Bb2 Bf5 4. e3 e6 5. Be2 h6 6. O-O Bd6 7. c4 c6 8. d3 O-O
9. Nbd2 Nbd7 10. e4 dxe4 11. dxe4 Bxe4 12. Nxe4 Nxe4 13. Bd3 Nef6 14. Bb1 Qc7
15. Re1 Rfe8 16. h3 Rad8 17. Qc2 e5 18. Nd2 Bc5 19. Nf3 e4 20. Nh2 Qf4 21. Nf1
Ne5 22. Bc1 Qh4 23. Be3 Nd3 24. Re2 Nh5 25. a3 Nhf4 26. Bxf4 Nxf4 27. Rxe4 Rxe4
28. Qxe4 Nxh3+ 29. gxh3 Qxf2+ 0-1

[Event "17. OIBM Bad Wiessee"]
[Site "Bad Wiessee"]
[Date "2013.10.26"]
[Round "1.9"]
[White "Gupta, Abhijeet"]
[Black "Berglitz, Regina"]
[Result "1-0"]
[WhiteElo "2593"]
[BlackElo "2026"]
[PlyCount "55"]
[EventDate "2013.??.??"]
[BlackTeam "Hamburger SK von 1830 eV"]

1. d4 d5 2. c4 e6 3. Nc3 Be7 4. Bf4 Nf6 5. e3 O-O 6. a3 b6 7. Nb5 Na6 8. Nf3 c6
9. Nc3 c5 10. cxd5 Nxd5 11. Nxd5 exd5 12. Ne5 Nb8 13. Bd3 Ba6 14. Bxa6 Nxa6 15.
dxc5 Bxc5 16. b4 Bd6 17. Nc6 Qf6 18. Bxd6 Qxd6 19. Qxd5 Qf6 20. O-O Nc7 21. Qf3
Qg5 22. Rfd1 a5 23. Rd2 Ne6 24. Rd5 f5 25. bxa5 Qf6 26. Rad1 Ng5 27. Qxf5 Qxc6
28. Qxg5 1-0

[Event "17. OIBM Bad Wiessee"]
[Site "Bad Wiessee"]
[Date "2013.10.26"]
[Round "1.10"]
[White "Federer, Hans - Joachim"]
[Black "Danin, Alexander"]
[Result "0-1"]
[WhiteElo "2005"]
[BlackElo "2589"]
[PlyCount "104"]
[EventDate "2013.??.??"]
[WhiteTeam "SC Waldkirch 1910 e.V."]
[BlackTeam "Bochumer SV 02"]

1. c4 Nf6 2. g3 d5 3. cxd5 Nxd5 4. Bg2 c5 5. Nf3 Nc6 6. Nc3 Nc7 7. d3 e5 8. O-O
Be7 9. Bd2 Be6 10. Rc1 f6 11. Ne4 b6 12. a3 a5 13. Nc3 Qd7 14. Be3 Rb8 15. Nd2
O-O 16. Nde4 Rfc8 17. h4 Nd4 18. Nd2 Bf8 19. f4 Nf5 20. Bf2 exf4 21. gxf4 Nh6
22. e4 Qxd3 23. Nf3 Qxd1 24. Rfxd1 Ng4 25. f5 Nxf2 26. Kxf2 Bf7 27. Bf1 Be7 28.
Nb5 Nxb5 29. Bxb5 Rd8 30. Ke2 Kf8 31. a4 Rxd1 32. Rxd1 Rd8 33. Rxd8+ Bxd8 34.
Nd2 Bc7 35. Nc4 g6 36. Kd3 Kg7 37. Bd7 Kh6 38. Be6 Be8 39. b3 b5 40. axb5 Bxb5
41. Ke3 g5 42. hxg5+ Kxg5 43. Kf3 a4 44. bxa4 Bxa4 45. Ne3 Bf4 46. Bc4 Bxe3 47.
Kxe3 Bd1 48. Be6 h5 49. Bd5 h4 50. Bc4 h3 51. Bf1 Bg4 52. Kd3 Kf4 0-1

[Event "17. OIBM Bad Wiessee"]
[Site "Bad Wiessee"]
[Date "2013.10.26"]
[Round "1.12"]
[White "Wehen, Gernot"]
[Black "Krämer, Martin"]
[Result "0-1"]
[WhiteElo "1916"]
[BlackElo "2546"]
[PlyCount "38"]
[EventDate "2013.??.??"]
[BlackTeam "Sfrd. Berlin 1903 e.V."]

1. d4 Nf6 2. g3 d5 3. Nf3 c6 4. Bg2 Bf5 5. c3 e6 6. Nh4 Be4 7. Bxe4 Nxe4 8. f3
Nd6 9. Nd2 Be7 10. Ng2 Nd7 11. e4 O-O 12. O-O b5 13. b3 Qb6 14. exd5 cxd5 15.
Nf4 b4 16. Bb2 bxc3 17. Bxc3 Nb5 18. Nb1 Bf6 19. Ne2 e5 0-1

[Event "17. OIBM Bad Wiessee"]
[Site "Bad Wiessee"]
[Date "2013.10.26"]
[Round "1.13"]
[White "Eingorn, Vereslav S"]
[Black "Sand, Rolf"]
[Result "1-0"]
[WhiteElo "2548"]
[BlackElo "1967"]
[PlyCount "73"]
[EventDate "2013.??.??"]
[BlackTeam "SV Tübingen 1870 e.V."]

1. d4 Nf6 2. c4 g6 3. Nc3 Bg7 4. e4 d6 5. Be2 O-O 6. Be3 e5 7. d5 a5 8. h4 Na6
9. h5 Nc5 10. hxg6 fxg6 11. f3 Nh5 12. Qd2 Nf4 13. Bf1 c6 14. O-O-O cxd5 15.
Nxd5 Be6 16. Kb1 Rc8 17. Ne2 Nxd5 18. cxd5 Bd7 19. Nc1 Rf7 20. Nd3 Nxd3 21.
Bxd3 Ba4 22. Rc1 Rxc1+ 23. Rxc1 Rc7 24. Rxc7 Qxc7 25. Qf2 Qd7 26. Qe2 Qd8 27.
Bd2 Bd7 28. Qf2 Bf6 29. Qa7 Bg5 30. Qxa5 b6 31. Bxg5 Qxg5 32. Qxb6 Qd2 33. Qd8+
Kg7 34. Qxd7+ Kh6 35. Qc7 Qxd3+ 36. Qc2 Qf1+ 37. Qc1+ 1-0

[Event "17. OIBM Bad Wiessee"]
[Site "Bad Wiessee"]
[Date "2013.10.26"]
[Round "1.15"]
[White "Kempinski, Robert"]
[Black "Plug, Arjan"]
[Result "1-0"]
[WhiteElo "2585"]
[BlackElo "1914"]
[PlyCount "47"]
[EventDate "2013.??.??"]
[WhiteTeam "Hamburger SK von 1830 eV"]
[BlackTeam "Daniel Noteboom"]

1. d4 Nf6 2. Nf3 e6 3. c4 Bb4+ 4. Nbd2 O-O 5. a3 Bxd2+ 6. Qxd2 a5 7. b3 b6 8.
e3 Bb7 9. Be2 d6 10. O-O Nbd7 11. Bb2 Ne4 12. Qc2 f5 13. Rad1 Ng5 14. Ne1 Nh3+
15. Kh1 f4 16. f3 Ng5 17. Qd2 h6 18. exf4 Nh7 19. Nd3 Nhf6 20. Rde1 Qe8 21. Bd1
Qf7 22. Bc2 Rae8 23. Nf2 Nh5 24. Qd3 1-0

[Event "17. OIBM Bad Wiessee"]
[Site "Bad Wiessee"]
[Date "2013.10.26"]
[Round "1.16"]
[White "Melde, Christian"]
[Black "Prusikin, Michael"]
[Result "0-1"]
[WhiteElo "2024"]
[BlackElo "2546"]
[PlyCount "26"]
[EventDate "2013.??.??"]
[WhiteTeam "Koenigsspr.SC.1984 e.V."]
[BlackTeam "TV Tegernsee"]

1. c4 e5 2. Nc3 Nc6 3. Nf3 f5 4. d4 e4 5. Bg5 Be7 6. Bxe7 Qxe7 7. Ng1 Nf6 8. e3
O-O 9. h4 f4 10. d5 fxe3 11. fxe3 Ne5 12. d6 cxd6 13. Nxe4 Nxe4 0-1

[Event "17. OIBM Bad Wiessee"]
[Site "Bad Wiessee"]
[Date "2013.10.26"]
[Round "1.19"]
[White "Bromberger, Stefan"]
[Black "Kraus, Werner"]
[Result "1-0"]
[WhiteElo "2521"]
[BlackElo "1919"]
[PlyCount "35"]
[EventDate "2013.??.??"]
[WhiteTeam "MSA Zugzwang 82 e.V."]
[BlackTeam "SC Turm Büdingen"]

1. d4 d5 2. c4 c6 3. Nc3 Nf6 4. Nf3 a6 5. a4 Bf5 6. Qb3 b6 7. Bg5 e6 8. a5 b5
9. cxd5 cxd5 10. Nxb5 axb5 11. e4 Bxe4 12. Bxb5+ Nbd7 13. Ne5 Ra7 14. Nxd7 Rxd7
15. a6 Bc5 16. dxc5 O-O 17. Bxd7 Qxd7 18. f3 1-0

[Event "17. OIBM Bad Wiessee"]
[Site "Bad Wiessee"]
[Date "2013.10.26"]
[Round "1.20"]
[White "Schneider, Andreas"]
[Black "Pap, Misa"]
[Result "0-1"]
[WhiteElo "2061"]
[BlackElo "2484"]
[PlyCount "50"]
[EventDate "2013.??.??"]
[WhiteTeam "SC 1911 Großröhrsdorf"]
[BlackTeam "Sfr. Korbach"]

1. e4 c5 2. Nf3 g6 3. d4 Bg7 4. Be3 Nf6 5. Nc3 Ng4 6. Bd2 cxd4 7. Nb5 Qb6 8.
Bd3 Nc6 9. O-O d6 10. a4 O-O 11. a5 Qd8 12. h3 Nge5 13. Nxe5 dxe5 14. f4 exf4
15. Bxf4 e5 16. Bd2 a6 17. Na3 Nxa5 18. Nc4 Nc6 19. Na5 Qc7 20. Nxc6 Qxc6 21.
Bb4 Re8 22. Qe2 Be6 23. c3 Rac8 24. Ra5 dxc3 25. Rc5 Qb6 0-1

[Event "17. OIBM Bad Wiessee"]
[Site "Bad Wiessee"]
[Date "2013.10.26"]
[Round "1.21"]
[White "Poetsch, Hagen"]
[Black "Osthoff, Michael"]
[Result "1-0"]
[WhiteElo "2472"]
[BlackElo "2099"]
[PlyCount "51"]
[EventDate "2013.??.??"]
[WhiteTeam "Sfr. Schöneck"]
[BlackTeam "SK Siemens München"]

1. e4 c5 2. Nf3 Nc6 3. d4 cxd4 4. Nxd4 e5 5. Nb5 a6 6. Nd6+ Bxd6 7. Qxd6 Qf6 8.
Qd1 Qg6 9. Nc3 Nge7 10. Be3 d5 11. exd5 Nb4 12. Bd3 Nxd3+ 13. Qxd3 Bf5 14. Qd2
Bxc2 15. O-O O-O 16. Bc5 Rfe8 17. d6 Red8 18. f4 b6 19. Ba3 exf4 20. Rac1 Bf5
21. Qxf4 Bh3 22. Qg3 Nf5 23. Qxh3 Nxd6 24. Nd5 Qe4 25. Qh5 f6 26. Rfe1 1-0

[Event "17. OIBM Bad Wiessee"]
[Site "Bad Wiessee"]
[Date "2013.10.26"]
[Round "1.23"]
[White "Hunt, Adam"]
[Black "Eschle, Hubert"]
[Result "1-0"]
[WhiteElo "2429"]
[BlackElo "1928"]
[PlyCount "41"]
[EventDate "2013.??.??"]
[WhiteTeam "Woodbridge School"]
[BlackTeam "SG Schramberg-Lauterbach"]

1. e4 c5 2. Nf3 e6 3. d4 cxd4 4. Nxd4 Nf6 5. Nc3 d6 6. g4 h6 7. g5 hxg5 8. Bxg5
a6 9. Bg2 Nbd7 10. Qe2 Qc7 11. O-O-O g6 12. f4 Bg7 13. Bf3 Rb8 14. Rhe1 b5 15.
e5 dxe5 16. Nc6 Rb6 17. fxe5 Ng8 18. Bd8 Qxc6 19. Bxc6 Rxc6 20. Bg5 b4 21. Qe4
1-0

[Event "17. OIBM Bad Wiessee"]
[Site "Bad Wiessee"]
[Date "2013.10.26"]
[Round "1.24"]
[White "Fahland, Matthias"]
[Black "Meins, Gerlef"]
[Result "0-1"]
[WhiteElo "2129"]
[BlackElo "2448"]
[PlyCount "82"]
[EventDate "2013.??.??"]
[WhiteTeam "SK Heidenau"]
[BlackTeam "SAbt SV Werder Bremen"]

1. d4 Nf6 2. c4 e6 3. g3 c5 4. d5 exd5 5. cxd5 d6 6. Nc3 g6 7. Bg2 Bg7 8. Nf3
O-O 9. O-O Re8 10. Nd2 a6 11. a4 Nbd7 12. Nc4 Ne5 13. Na3 Nh5 14. Re1 f5 15.
Rb1 Bd7 16. f4 Nf7 17. Bd2 Rc8 18. e3 Qc7 19. Bf1 Nf6 20. b4 Ne4 21. Nxe4 Rxe4
22. Bg2 cxb4 23. Bxb4 Ree8 24. Qb3 b5 25. axb5 axb5 26. Bd2 Bc3 27. Rbc1 Bxd2
28. Rxc7 Rxc7 29. Nxb5 Rb7 30. Rb1 Rxb5 31. Qd3 Rxe3 32. Qxd2 Rxb1+ 33. Kf2
Reb3 34. Qa5 R3b2+ 35. Kf3 Bb5 36. Qc7 Rb3+ 37. Kf2 R1b2+ 38. Kg1 Bd3 39. Qe7
Rb1+ 40. Kf2 R3b2+ 41. Kf3 Be4+ 0-1

[Event "17. OIBM Bad Wiessee"]
[Site "Bad Wiessee"]
[Date "2013.10.26"]
[Round "1.25"]
[White "Bellia, Fabrizio"]
[Black "Nachtkamp, Herbert"]
[Result "1-0"]
[WhiteElo "2421"]
[BlackElo "2024"]
[PlyCount "87"]
[EventDate "2013.??.??"]
[BlackTeam "SK Norderstedt von 1975"]

1. d4 d5 2. c4 e6 3. Nc3 Nf6 4. Bg5 Be7 5. Nf3 h6 6. Bh4 O-O 7. e3 Ne4 8. Bxe7
Qxe7 9. Qc2 Nxc3 10. Qxc3 c6 11. Be2 dxc4 12. Bxc4 Nd7 13. O-O b6 14. b4 Bb7
15. Be2 Rfc8 16. Rfc1 a5 17. a3 axb4 18. axb4 Qf8 19. Ne1 Nf6 20. Bf3 Nd5 21.
Bxd5 exd5 22. Nd3 Rxa1 23. Rxa1 Ra8 24. h4 Rxa1+ 25. Qxa1 Qb8 26. Qa4 f6 27. h5
Qa8 28. Qc2 Qa3 29. Kh2 Qa8 30. Nf4 Bc8 31. b5 Bd7 32. bxc6 Qxc6 33. Qa2 Be6
34. e4 Bf7 35. exd5 Qd6 36. Qa8+ Kh7 37. g3 Qd7 38. Qc6 Qd8 39. d6 Be8 40. Qc7
Qd7 41. Qxd7 Bxd7 42. Nd5 b5 43. Nb6 b4 44. Nxd7 1-0

[Event "17. OIBM Bad Wiessee"]
[Site "Bad Wiessee"]
[Date "2013.10.26"]
[Round "1.26"]
[White "Walda, Michael"]
[Black "Kurmann, Oliver"]
[Result "0-1"]
[WhiteElo "1989"]
[BlackElo "2411"]
[PlyCount "77"]
[EventDate "2013.??.??"]
[WhiteTeam "SA Niederräder TG"]
[BlackTeam "SG Luzern"]

1. e4 c5 2. Nf3 e6 3. c4 Nc6 4. Nc3 Qb6 5. Be2 Nf6 6. O-O d6 7. Rb1 Nd4 8. Re1
Bd7 9. d3 Be7 10. Bg5 O-O 11. e5 dxe5 12. Nxe5 Qc7 13. f4 h6 14. Bh4 Nf5 15.
Bf2 Rfd8 16. Bf3 Be8 17. g4 Nd4 18. g5 hxg5 19. fxg5 Nd7 20. Bxd4 cxd4 21. Nb5
Qb8 22. Nxd7 Rxd7 23. g6 Bg5 24. Re4 Be3+ 25. Kh1 a6 26. gxf7+ Bxf7 27. Na3 Qd6
28. Nc2 Bg6 29. Rg4 Bf5 30. Rg2 Rf8 31. Qe2 Bxd3 32. Qxd3 Rxf3 33. Re1 Qc6 34.
Nb4 Qc5 35. Qe4 Rdf7 36. Nd3 Qf5 37. Rg4 Rf1+ 38. Kg2 Rxe1 39. Nxe1 0-1

[Event "17. OIBM Bad Wiessee"]
[Site "Bad Wiessee"]
[Date "2013.10.26"]
[Round "1.28"]
[White "Emser, Heinrich"]
[Black "Berchtenbreiter, Max"]
[Result "0-1"]
[WhiteElo "1901"]
[BlackElo "2405"]
[PlyCount "56"]
[EventDate "2013.??.??"]
[BlackTeam "SG Pang-Rosenheim 1910 e.V."]

1. d4 Nf6 2. c4 a6 3. Nc3 c5 4. Nf3 b5 5. e3 cxd4 6. exd4 bxc4 7. Bxc4 a5 8.
O-O Ba6 9. Bxa6 Rxa6 10. d5 g6 11. Re1 Bg7 12. Bf4 O-O 13. Qe2 Rb6 14. Rab1 Re8
15. Qd2 Na6 16. d6 e6 17. Ne5 Nb4 18. Bh6 Bxh6 19. Qxh6 Rxd6 20. Ne4 Nxe4 21.
Rxe4 Qf6 22. Ng4 Qxb2 23. Ree1 Qg7 24. Qf4 e5 25. Qc4 h5 26. Ne3 e4 27. Qc5 Qd4
28. Qg5 Nd3 0-1

[Event "17. OIBM Bad Wiessee"]
[Site "Bad Wiessee"]
[Date "2013.10.26"]
[Round "1.29"]
[White "Eggleston, David"]
[Black "Schmitt, Carsten"]
[Result "1-0"]
[WhiteElo "2399"]
[BlackElo "1949"]
[PlyCount "79"]
[EventDate "2013.??.??"]
[WhiteTeam "Durham"]
[BlackTeam "SV Bergwinkel"]

1. e4 e6 2. d4 d5 3. Nc3 Nf6 4. e5 Nfd7 5. f4 c5 6. Nf3 a6 7. Be3 Qb6 8. Na4
Qa5+ 9. c3 cxd4 10. b4 Qc7 11. Bxd4 Nc6 12. Be2 b5 13. Nb2 a5 14. bxa5 Nxd4 15.
Qxd4 Rxa5 16. Qd2 Nc5 17. Nd4 Ne4 18. Bxb5+ Rxb5 19. Nxb5 Qc5 20. Qe2 Ba6 21.
a4 Nxc3 22. Nc7+ Qxc7 23. Qxa6 Ne4 24. Qb5+ Kd8 25. O-O Bc5+ 26. Kh1 Nf2+ 27.
Rxf2 Bxf2 28. Nd3 Be3 29. a5 Ke7 30. Qb4+ Kd7 31. Qe1 Ba7 32. Rc1 Qb7 33. f5
Rc8 34. Rb1 Qa6 35. fxe6+ fxe6 36. Qg3 g6 37. Qf3 Ke8 38. Rf1 Qxa5 39. Qf8+ Kd7
40. Qd6+ 1-0

[Event "17. OIBM Bad Wiessee"]
[Site "Bad Wiessee"]
[Date "2013.10.26"]
[Round "1.30"]
[White "Wiesmeier, Franz"]
[Black "Moor, Oliver"]
[Result "0-1"]
[WhiteElo "2044"]
[BlackElo "2391"]
[PlyCount "88"]
[EventDate "2013.??.??"]
[WhiteTeam "SC F.X.Meiller"]

1. e4 e5 2. f4 exf4 3. Bc4 d5 4. Bxd5 Nf6 5. Nc3 Bb4 6. Qf3 O-O 7. Nge2 Na6 8.
O-O Bg4 9. Qxf4 Bxe2 10. Nxe2 Nxd5 11. exd5 Qxd5 12. Qf3 Qc5+ 13. Kh1 Qxc2 14.
Qxb7 Qd3 15. Qf3 Qxf3 16. gxf3 Rfe8 17. Nc3 Rad8 18. a3 Bf8 19. b4 f5 20. Ra2
Nb8 21. Rc2 a6 22. Na4 Re2 23. Kg1 Bd6 24. f4 Rde8 25. Nc3 R2e6 26. Nd5 Rg6+
27. Kh1 Re2 28. Ne3 Rh6 29. Ng2 Nd7 30. Rc3 Rhe6 31. Re3 R6xe3 32. Nxe3 g6 33.
Kg1 Nb6 34. d4 Kf7 35. h3 Ke6 36. Ng2 Kd5 37. Rd1 Nc4 38. Kf1 Re4 39. Kf2 Rxd4
40. Re1 Rd3 41. h4 Nxa3 42. Ne3+ Kc6 43. Bxa3 Rxa3 44. Rc1+ Kd7 0-1

[Event "17. OIBM Bad Wiessee"]
[Site "Bad Wiessee"]
[Date "2013.10.26"]
[Round "1.31"]
[White "Mons, Leon"]
[Black "Westphal, Norbert"]
[Result "1-0"]
[WhiteElo "2432"]
[BlackElo "2005"]
[PlyCount "65"]
[EventDate "2013.??.??"]
[WhiteTeam "SC Forchheim e.V."]
[BlackTeam "BSV Chemie Radebeul"]

1. e4 Nf6 2. e5 Nd5 3. d4 d6 4. c4 Nb6 5. f4 dxe5 6. fxe5 Nc6 7. Be3 Bf5 8. Nc3
e6 9. Nf3 Be7 10. Be2 Nd7 11. O-O O-O 12. Rc1 f6 13. exf6 Bxf6 14. d5 Nce5 15.
Nd4 Qe7 16. g4 Bg5 17. Qd2 Bxe3+ 18. Qxe3 Nxg4 19. Nxf5 Rxf5 20. Bxg4 Rg5 21.
h3 h5 22. Rf5 Rg6 23. Rxh5 Nf6 24. Rg5 Rxg5 25. Qxg5 Qc5+ 26. Kg2 Nxg4 27. Qxg4
exd5 28. Nxd5 Rf8 29. Rf1 Rxf1 30. Kxf1 c6 31. Qe6+ Kh8 32. Qe8+ Kh7 33. Qh5+
1-0

[Event "17. OIBM Bad Wiessee"]
[Site "Bad Wiessee"]
[Date "2013.10.26"]
[Round "1.32"]
[White "Stadler, Andreas"]
[Black "Pirrot, Dieter"]
[Result "0-1"]
[WhiteElo "1892"]
[BlackElo "2395"]
[PlyCount "54"]
[EventDate "2013.??.??"]
[WhiteTeam "SK München Südost e.V."]
[BlackTeam "SV 1920 Hofheim"]

1. c4 Nc6 2. Nc3 e5 3. g3 g6 4. Bg2 Bg7 5. e4 d6 6. Nge2 h5 7. h4 Bg4 8. O-O
Qd7 9. d3 Bh3 10. a3 Nh6 11. b4 Bxg2 12. Kxg2 f5 13. Bg5 O-O 14. Nd5 Kh7 15.
Rb1 Rf7 16. Nec3 Nd4 17. f4 Ng4 18. Re1 Ne6 19. Qd2 c6 20. exf5 Nxg5 21. fxg6+
Kxg6 22. hxg5 cxd5 23. Nxd5 Re8 24. Rh1 exf4 25. Nxf4+ Rxf4 26. Qxf4 Re2+ 27.
Kg1 Qc6 0-1

[Event "17. OIBM Bad Wiessee"]
[Site "Bad Wiessee"]
[Date "2013.10.26"]
[Round "1.33"]
[White "Rambaldi, Francesco"]
[Black "Pfitzer, Norbert"]
[Result "1-0"]
[WhiteElo "2361"]
[BlackElo "2047"]
[PlyCount "121"]
[EventDate "2013.??.??"]
[BlackTeam "SV Aalen-Ellwangen e.V."]

1. e4 d6 2. d4 Nf6 3. Nc3 g6 4. Nf3 Bg7 5. Be2 c5 6. dxc5 Qa5 7. cxd6 Nxe4 8.
O-O Nxc3 9. bxc3 O-O 10. dxe7 Re8 11. Bc4 Nc6 12. Re1 Bxc3 13. Ng5 Be6 14. Rxe6
fxe6 15. Rb1 Rxe7 16. Nxe6 Kh8 17. Be3 a6 18. Nf4 Rd8 19. Qf1 b5 20. Bb3 Bd4
21. Ne6 Rd6 22. Nxd4 Nxd4 23. Rd1 Qd8 24. Rxd4 Rxd4 25. Qa1 Red7 26. g3 Qf6 27.
Kg2 R4d6 28. Qc1 Rd1 29. Qa3 Qd6 30. Qb2+ Rd4 31. Qc3 h5 32. Qc8+ Rd8 33. Qb7
Rc4 34. Qa7 Qc6+ 35. f3 Rxc2+ 36. Bxc2 Qxc2+ 37. Kh3 Qf5+ 38. Kg2 Qc2+ 39. Kh3
Qc6 40. Bd4+ Rxd4 41. Qxd4+ Kh7 42. Qf2 b4 43. Qa7+ Kh6 44. Qe3+ g5 45. g4 h4
46. Kg2 a5 47. Qd3 a4 48. Qf5 Qd6 49. Qc2 Qd5 50. Qxa4 h3+ 51. Kg3 Qe5+ 52.
Kxh3 Qe2 53. Qc6+ Kg7 54. Qd7+ Kh6 55. Qd6+ Kg7 56. Qd4+ Kh6 57. Kg3 Qxa2 58.
Qxb4 Qe2 59. Qb6+ Kh7 60. Qb1+ Kh6 61. Qe4 1-0

[Event "17. OIBM Bad Wiessee"]
[Site "Bad Wiessee"]
[Date "2013.10.26"]
[Round "1.34"]
[White "Schackmann, Oliver"]
[Black "Deglmann, Ludwig"]
[Result "1/2-1/2"]
[WhiteElo "1907"]
[BlackElo "2351"]
[PlyCount "70"]
[EventDate "2013.??.??"]
[WhiteTeam "Schach-Club Vaterstetten"]
[BlackTeam "SK Weilheim"]

1. e4 c5 2. Nf3 Nc6 3. Bb5 g6 4. c3 Nf6 5. e5 Nd5 6. O-O Bg7 7. d4 cxd4 8. cxd4
O-O 9. Nc3 Nxc3 10. bxc3 d5 11. Bxc6 bxc6 12. Ba3 Re8 13. Qa4 Bg4 14. Bc5 Bxf3
15. gxf3 Qd7 16. Kg2 f6 17. exf6 Bxf6 18. Qc2 e5 19. Rfe1 e4 20. fxe4 Qg4+ 21.
Kh1 dxe4 22. Re3 Bg5 23. Rg3 Qf5 24. f3 Bh4 25. fxe4 Rxe4 26. Rg2 Rae8 27. Rag1
Qf3 28. Bd6 Re1 29. Qb3+ Kg7 30. Be5+ R8xe5 31. dxe5 Rxg1+ 32. Kxg1 Qe3+ 33.
Kh1 Qe1+ 34. Rg1 Qe4+ 35. Rg2 Qe1+ 1/2-1/2

[Event "17. OIBM Bad Wiessee"]
[Site "Bad Wiessee"]
[Date "2013.10.26"]
[Round "1.35"]
[White "Lampert, Jonas"]
[Black "Troidl, Thomas"]
[Result "1/2-1/2"]
[WhiteElo "2376"]
[BlackElo "1974"]
[PlyCount "114"]
[EventDate "2013.??.??"]
[WhiteTeam "HSK von 1830 eV"]
[BlackTeam "TSV Kareth-Lappersdorf"]

1. d4 f5 2. g3 g6 3. Bg2 Nf6 4. c4 Bg7 5. Nc3 O-O 6. Nf3 e6 7. O-O d5 8. Bf4 c6
9. c5 Nbd7 10. b4 h6 11. Qc2 g5 12. Bd6 Rf7 13. Ne5 Nxe5 14. Bxe5 Bd7 15. f3 g4
16. a4 Be8 17. Qd3 h5 18. h4 gxh3 19. Bxh3 Nh7 20. Qe3 Ng5 21. Bg2 Bh6 22. Bf4
Qf6 23. Kf2 Rh7 24. Rh1 Bg6 25. Ke1 Re8 26. Bxg5 Bxg5 27. f4 Bh6 28. Qf2 Bf8
29. Kd2 b6 30. a5 bxc5 31. bxc5 Rb7 32. Rhb1 Reb8 33. Kc2 Rxb1 34. Rxb1 Rxb1
35. Nxb1 Qd8 36. Qe1 Qb8 37. Na3 h4 38. e3 hxg3 39. Qxg3 Kf7 40. Qe1 Be7 41.
Bf1 Bh5 42. Bd3 Bd8 43. a6 Bf3 44. Qb1 Qxb1+ 45. Nxb1 Ba5 46. Nc3 Bxc3 47. Kxc3
Ke7 48. Kd2 Bh5 49. Ke1 Be8 50. Kf2 Bh5 51. Kg3 Be8 52. Kh4 Kf6 53. Be2 Bd7 54.
Kh5 Be8+ 55. Kh6 Bd7 56. Kh7 Be8 57. Kg8 Ke7 1/2-1/2

[Event "17. OIBM Bad Wiessee"]
[Site "Bad Wiessee"]
[Date "2013.10.26"]
[Round "1.36"]
[White "Johann, Gregor"]
[Black "Pezerovic, Edin"]
[Result "0-1"]
[WhiteElo "2038"]
[BlackElo "2439"]
[PlyCount "46"]
[EventDate "2013.??.??"]
[WhiteTeam "SC 1997 Lambsheim"]
[BlackTeam "Münchener SC 1836 e.V."]

1. Nf3 d5 2. d4 c6 3. c3 Nf6 4. Bf4 Bf5 5. e3 e6 6. Be2 Bd6 7. Ne5 Qc7 8. Nd2
h6 9. h3 Nbd7 10. Nxd7 Nxd7 11. Bxd6 Qxd6 12. Nf3 O-O 13. Bd3 Be4 14. Bxe4 dxe4
15. Nd2 f5 16. Qb3 c5 17. Rc1 Qa6 18. a3 Rac8 19. Qd1 e5 20. Nb3 f4 21. Nxc5
Nxc5 22. dxc5 fxe3 23. fxe3 Qf6 0-1